| 000 | 00657nam a22001937a 4500 | ||
|---|---|---|---|
| 005 | 20260413143138.0 | ||
| 010 | _aENG-116377 ENG-148220 | ||
| 020 |
_a9788180423468 _c400.00 |
||
| 035 | _aEN-99909 | ||
| 035 | _aEN-131752 | ||
| 037 | _bDBAD | ||
| 082 | _a181.46 | ||
| 100 |
_aLotay, Rajinder Kaur _981430 |
||
| 245 |
_aThree great Indian stalwarts : _cby Lotay,Rajinder Kaur _bRaja Ram Mohan Roy,Maulana Abdul Kalam Azad,Vinayak Damodar Veer Savarkar / |
||
| 260 |
_aNew Delhi _bModern Publishing House _c2016 |
||
| 270 |
_a9,Gola Market,Daryaganj _bNew Delhi _e110002 |
||
| 300 |
_a144p. _c21cm(Hb) |
||
| 942 |
_2ddc _cEN _mLOT _h181.46 |
||
| 999 |
_c104388 _d104388 |
||